Pilotes de F1 qui ont roulé chez Mercedes - Mort Subite - Statistiques

Statistiques générales
  • Ce quiz a été pris 298 fois
    176 depuis la dernière actualisation
  • Le résultat moyen est 6 sur 13
Answers on the Grid
Answers color-coded by a green-red scale on the quiz's grid according to % correct below.
Lewis HAMILTON
Nico ROSBERG
Valtteri BOTTAS
George RUSSELL
Michael SCHUMACHER
Juan Manuel FANGIO
Karl KLING
Hans HERRMANN
Stirling MOSS
Piero TARUFFI
André SIMON
Hermann LANG
Frederik VESTI
Andrea Kimi ANTONELLI
Nyck de VRIES
Tony BETTENHAUSEN
Jose-Froilan GONZALEZ
Umberto MAGLIOLI
Jacques VILLENEUVE
Jenson BUTTON
Romain GROSJEAN
Esteban OCON
 
Statistiques - réponses
Réponse % Correct
Valtteri BOTTAS
81%
Lewis HAMILTON
79%
George RUSSELL
76%
Michael SCHUMACHER
76%
Andrea Kimi ANTONELLI
71%
Nico ROSBERG
69%
Juan Manuel FANGIO
45%
Stirling MOSS
33%
Karl KLING
20%
Hans HERRMANN
17%
Hermann LANG
13%
Piero TARUFFI
5%
André SIMON
4%
Aucun quiz correspondant
Distribution des résultats
% des personnes avec chaque résultat
Percentile par nombre de réponses
Votre historique - résultats
Vous n’avez pas pris ce quiz depuis la dernière actualisation